Managerial Accounting / (Record no. 617278)

000 -LEADER
fixed length control field 00399nam a22001457a 4500
020 ## - INTERNATIONAL STANDARD BOOK NUMBER
Qualifying information PB.
040 ## - CATALOGING SOURCE
Transcribing agency FIZZA ISHAQ
082 ## - DEWEY DECIMAL CLASSIFICATION NUMBER
Classification number 658.1511
Author Mark BRA
100 ## - MAIN ENTRY--PERSONAL NAME
Personal name Braun , Karen Wilken.
9 (RLIN) 134305
245 ## - TITLE STATEMENT
Title Managerial Accounting /
Statement of responsibility, etc. Karen Wilken Braun.
250 ## - EDITION STATEMENT
Edition statement 2nd ED.
260 ## - PUBLICATION, DISTRIBUTION, ETC.
Place of publication, distribution, etc. New York:
Name of publisher, distributor, etc. Pearson ,
Date of publication, distribution, etc. 2010.
300 ## - PHYSICAL DESCRIPTION
Extent 626 , I-1 x I-14 P. ;
Dimensions 10.6 x 8.1 x 0.9 inches,
942 ## - ADDED ENTRY ELEMENTS (KOHA)
Source of classification or shelving scheme
Koha item type Book
Holdings
Withdrawn status Lost status Source of classification or shelving scheme Damaged status Not for loan Permanent Location Current Location Shelving location Date acquired Total Checkouts Full call number Barcode Date last seen Price effective from Koha item type
          NUST Baluchistan Campus (NBC) NUST Baluchistan Campus (NBC) General Stacks 04/30/2026   658.1511 BRA QD-226 04/30/2026 04/30/2026 Book
© 2023 Central Library, National University of Sciences and Technology. All Rights Reserved.